|
|
|
|
| LEADER |
00000nab a2200000 a 4500 |
| 001 |
vtls010736242 |
| 003 |
SK-MaSNL |
| 005 |
20260304190857.0 |
| 008 |
250709s1993 xo |||||||||||||||||slo| |
| 035 |
|
|
|a (urnnbn)urn:nbn:sk:snk:ar-a05ihn
|
| 035 |
|
|
|a (uuid)bdd4427e-36b5-45a6-8856-a66f83e2be3a
|
| 035 |
|
|
|a urn:nbn:sk:snk-ab3xov
|
| 040 |
|
|
|a SNKBUCL
|b slo
|c SNKBUCL
|e AACR2
|
| 041 |
0 |
|
|a eng
|
| 044 |
|
|
|a xo
|c SK
|
| 100 |
1 |
|
|a Sauviat, M. P.
|4 aut
|9 1521195
|
| 245 |
1 |
0 |
|a Alteration of The Voltage-dependence of the Twitch Tension in Frog Skeletal Muscle Fibres by a Polyether, Bistramide A
|c M. P. Sauviat, J. F. Verbist
|
| 700 |
1 |
|
|a Verbist, J. F.
|4 aut
|9 1522721
|
| 773 |
0 |
|
|t General physiology and biophysics : an international journal
|g Roč. 12, č. 5 (1993), s. 465-471
|
| 850 |
|
|
|a Slovenská národná knižnica
|
| 852 |
|
|
|a Slovenská národná knižnica
|
| 958 |
|
|
|a article1
|
| 958 |
|
|
|a OND
|
| 958 |
|
|
|a EUIPO
|
| 999 |
|
|
|c 3051689
|d 3053619
|